000 00213nam a2200085Ia 4500
008 170620s9999 xx 000 0 und d
100 _aMYNENI- S.R
245 0 _aPRINCIPLES OF ECONOMICS
260 _bALLAHABAD LAW AGENCY HARYANA
260 _c2016
999 _c29807
_d29807